000 00548nam a2200193Ia 4500
008 131103s9999 xx 000 0 und d
020 _aSBN :340076410
040 _aLoreto College
041 _aEnglish
082 _a375.4/TUR/375.4/PRO
_bLCLIB/26174
245 _aProgramming for the language laboratory
_cedited by John D.Turner
260 _aLondon
_bUniversity Press
_c1968
300 _avii,263 p.
_c 22 cm.
650 _aCurriculum
651 _aLanguage - Curricula
700 _aTurner,John D.,ed.
850 _aLCLIB
942 _cBK
999 _c10695
_d61174